LEADER 00931nam2-22003131i-450- 001 990000230650403321 035 $a000023065 035 $aFED01000023065 035 $a(Aleph)000023065FED01 035 $a000023065 100 $a20011111d--------km-y0itay50------ba 101 0 $aita 105 $ay-------001yy 200 1 $a1. : Cinématique théorique et pratique,statique théorique. XXXII, 334 p. : ill. 210 $aTours$cA. Mame et Fils$eParis$cCh. Poussielgue$d1911- 215 $av.$d22 cm 225 1 $aEnseignement professionnel$v278 461 0$1001000007112$12001$aMécanique théorique et pratique 610 0 $aMeccanica$aProblemi 610 0 $aMeccanica applicata$aProblemi 676 $a620.1 700 1$aGabriel,$bEdmond 801 0$aIT$bUNINA$gRICA$2UNIMARC 901 $aBK 912 $a990000230650403321 952 $a13 L 31 11$b901$fFINBC 959 $aFINBC 997 $aUNINA DB $aING01 LEADER 00763nam0-22002891i-450 001 990001720240403321 005 20191004102456.0 035 $a000172024 035 $aFED01000172024 035 $a(Aleph)000172024FED01 035 $a000172024 100 $a20030910d1984----km-y0itay50------ba 101 0 $afre 200 1 $aEmploi des herbicides en cultures fruitières$fCTIFL 205 $a4e. éd. 210 $aParis$cCTIFL$d1984 215 $a64 p.$d24 cm 610 0 $aDiserbanti 610 0 $aFrutteti 676 $a634.954 801 0$aIT$bUNINA$gRICA$2UNIMARC 901 $aLG 912 $a990001720240403321 952 $a60 OP. 166/3$b766$fFAGBC 959 $aFAGBC 996 $aEMPLOI des herbicides en cultures fruitieres$9360353 997 $aUNINA